000 00709nam a22001937a 4500
003 DO-SdBNP
005 20240315194915.0
008 210831b 2017 dr 00| 0 eng d
020 _a9789945468724
040 _aDO-SdBNP
_bspa
_cBNPHU
100 1 _aMontás, Juan Temístocles
_d1950-
_979676
245 1 _aCrisis, políticas y reformas :
_blecciones aprendidas en República Dominicana /
_cJuan Temístocles Montás
260 _aSanto Domingo :
_bAlfa y Omega,
_c2017.
300 _a397 p. ;
_c23 cm.
500 _aIncluye datos biográficos del autor en las solapas y referencias bibliográficas y notas al pie de las páginas
504 _aBibliográfias : p. 395-397
910 _aBtavárez
942 _2ddc
_cLBS1
999 _c50352
_d50352